000 002440000a22000970004500
100 1 _aStegall, Kathryn E.
245 1 0 _aBelieve the right thing
300 _aVol. 45, Num. 1 (Marzo, 1995), Páginas 11-15
773 0 _tReformed World
942 _cANA
999 _c55376
_d55376